Statystyki dla Grupy na Euro 2020/21

Kliknij tutaj aby rozwiązać quiz!

Ogólne statystyki

  • Ten quiz został rozwiązany 153 razy
  • Średni wynik to 22 z 24

Statystyki odpowiedzi

GrupaOdpowiedź% Poprawnych
EBośnia/Irlandia Północna/Słowacja/Irlandia
99%
EPolska
99%
EHiszpania
98%
FPortugalia
98%
DSzkocja/Izrael/Norwegia/Serbia
98%
ESzwecja
98%
FIslandia/Rumunia/Bułgaria/Węgry
96%
FNiemcy
96%
AWłochy
94%
DAnglia
93%
BBelgia
93%
DCzechy
93%
FFrancja
93%
CUkraina
93%
CHolandia
92%
BRosja
92%
ASzwajcaria
91%
DChorwacja
90%
BDania
89%
BFinlandia
85%
ATurcja
84%
CAustria
82%
AWalia
82%
CGruzja/Białoruś/Macedonia/Kosowo
79%

Rozkład punktacji

Percentyl według liczby udzielonych odpowiedzi

Procent ludzi z każdym wynikiem

Twoja historia wyników

Nie rozwiązałeś tego quizu